Statistics for Zac Efron Films

Click here to take the quiz!

General Stats

  • This quiz has been taken 1,276 times
    (238 since last reset)
  • The average score is 11 of 29

Answer Stats

YearName any Zac Efron film or tv movie.% Correct
2006 (TV movie)High School Musical
97%
2007 (TV Movie)High School Musical 2
91%
2008 (Film)High School Musical 3: Senior Year
90%
2017 (Film)Baywatch
79%
2009 (Film)17 Again
75%
2017 (Film)The Greatest Showman
67%
2014 (Film)Neighbors
56%
2016 (Film)Neighbors 2: Sorority Rising
50%
2010 (Film)Charlie St. Cloud
50%
2007 (Film)Hairspray
44%
2016 (Film)Dirty Grandpa
40%
2012 (Film)The Lucky One
39%
2012 (Film Voice)The Lorax
33%
2015 (Film)We Are Your Friends
33%
2014 (Film)That Awkward Moment
30%
2012 (Film)The Paperboy
28%
2011 (Film)New Year's Eve
23%
2013 (Film)Parkland
19%
2012 (Film)At Any Price
18%
2005 (Film)The Derby Stallion
17%
2017 (Film)The Disaster Artist
17%
2012 (Film)Liberal Arts
15%
2008 (Film)Me and Orson Welles
14%
2004 (TV movie)Miracle Run
13%
2010 (TV Movie)Robot Chicken: Star Wars Episode III
10%
2014 (TV Movie)Robot Chicken DC Comics Special II: Villains in Paradise
10%
2004 (TV movie)Triple Play
10%
2003 (TV movie)The Big Wide World of Carl Laemke
9%
2006 (TV movie)If You Lived Here, You'd Be Home Now
5%

Score Distribution

Percentile by Number Answered

Percent of People with Each Score

Your Score History

You have not taken this quiz since the last reset